A short religious history of Israel / (Record no. 18902)
[ view plain ]
| 000 -LEADER | |
|---|---|
| fixed length control field | 00950nam a22003011 4500 |
| 001 - CONTROL NUMBER | |
| control field | 18902 |
| 003 - CONTROL NUMBER IDENTIFIER | |
| rucl marc code | BD-RjUL |
| 005 - DATE AND TIME OF LATEST TRANSACTION | |
| control field | 20211209000343.0 |
| 008 - FIXED-LENGTH DATA ELEMENTS--GENERAL INFORMATION | |
| fixed length control field | 140222s1932 enk b 000 0 eng |
| 035 ## - SYSTEM CONTROL NUMBER | |
| System control number | (BD-RjUL)18960 |
| System control number | (OCoLC)4443844 |
| 040 ## - CATALOGING SOURCE | |
| Original cataloging agency | DLC |
| Transcribing agency | ScU |
| Modifying agency | ScU |
| -- | OCoLC |
| -- | DLC |
| -- | BD-RjUL |
| Language of cataloging | eng |
| 041 ## - LANGUAGE CODE | |
| Language code of text/sound track or separate title | eng |
| 082 ## - DEWEY DECIMAL CLASSIFICATION NUMBER | |
| Classification number | 296 |
| Author mark and year | HAS 1932 |
| 100 1# - MAIN ENTRY--PERSONAL NAME | |
| Personal name | Hamond, Ernest William. |
| 9 (RLIN) | 58291 |
| 245 12 - TITLE STATEMENT | |
| Title | A short religious history of Israel / |
| Statement of responsibility, etc. | E. W. Hamond. |
| 260 ## - PUBLICATION, DISTRIBUTION, ETC. (IMPRINT) | |
| Place of publication, distribution, etc. | London : |
| Name of publisher, distributor, etc. | Student Christian movement press, |
| Date of publication, distribution, etc. | 1932. |
| 300 ## - PHYSICAL DESCRIPTION | |
| Pagination | 158, [1] p. incl. tables. ; |
| Size | 23 cm. |
| 490 1# - SERIES STATEMENT | |
| Series statement | His The development of religious thought from Moses to Christ. III |
| 500 ## - GENERAL NOTE | |
| General note | "First published June 1932." |
| General note | Maps on lining-papers. |
| 504 ## - BIBLIOGRAPHY, ETC. NOTE | |
| Bibliography, etc | Bibliography: p. 16-17. |
| 650 #0 - SUBJECT ADDED ENTRY--TOPICAL TERM | |
| Topical term or geographic name as entry element | Judaism |
| General subdivision | History. |
| 9 (RLIN) | 58292 |
| Topical term or geographic name as entry element | Jews |
| General subdivision | History |
| Chronological subdivision | To 70 A.D. |
| 9 (RLIN) | 58293 |
| 942 ## - ADDED ENTRY ELEMENTS (KOHA) | |
| Source of classification or shelving scheme | Dewey Decimal Classification |
| Koha item type | Books |
| Lost status | Source of classification or shelving scheme | Damaged status | Not for loan | Collection code | Permanent Location | Current Location | Shelving location | Date acquired | Source of acquisition | Cost, normal purchase price | Total Checkouts | Full call number | Date last seen | Copy number | Koha item type |
|---|---|---|---|---|---|---|---|---|---|---|---|---|---|---|---|
| Dewey Decimal Classification | Not For Loan | Non-fiction | Central Library, University of Rajshahi | Central Library, University of Rajshahi | Reading Room | 02/11/1956 | Blackwell | 0.13 | 296 HAS 1932 | 22/02/2014 | C-1 | Books |